Princípy právneho štátu a boj proti terorizmu

Boj s terorizmom a dodržiavanie ľudských práv. Zmrazovanie finančných prostriedkov - Judikatúra ES. Boj proti terorizmu. Princípy právneho štátu v medzinárodnom spoločenstve.

Gespeichert in:
Bibliographische Detailangaben
1. Verfasser: Hodás, Milan
Format: Buchkapitel
Sprache:Slowakisch
Schlagworte:
Tags: Tag hinzufügen
Keine Tags, Fügen Sie das erste Tag hinzu!

MARC

LEADER 00000naa$a2200000$$$4500
001 0053014
005 20231102091735.4
041 0 |a slo 
044 |a SK 
245 1 0 |a Princípy právneho štátu a boj proti terorizmu  |c Milan Hodás 
520 |a Boj s terorizmom a dodržiavanie ľudských práv. Zmrazovanie finančných prostriedkov - Judikatúra ES. Boj proti terorizmu. Princípy právneho štátu v medzinárodnom spoločenstve. 
610 2 0 |a terorizmus 
610 2 0 |a štát právny 
610 2 0 |a právo medzinárodné 
610 2 0 |a práva ľudské 
610 2 0 |a prostriedky peňažné 
610 2 0 |a ochrana ľudských práv 
100 1 |a Hodás, Milan